Modulárny systém na ovládanie AutomationShield zariadení prostredníctvom webového rozhrania
Salvato in:
| Autore principale: | |
|---|---|
| Altri autori: | |
| Natura: | Manoscritto Libro |
| Lingua: | slovacco |
| Pubblicazione: |
2025
|
| Soggetti: | |
| Accesso online: | http://is.stuba.sk/zp/portal_zp.pl?podrobnosti=185970 |
| Tags: |
Nessun Tag, puoi essere il primo ad aggiungerne!!
|
MARC
| LEADER | 00000ntm a22000003a 4500 | ||
|---|---|---|---|
| 001 | stuzp105554 | ||
| 003 | SK-STU | ||
| 005 | 20250621210554.5 | ||
| 007 | ta | ||
| 008 | 150427s2015----xo-----f-mn---000-0-slo-d | ||
| 040 | |a STU |b slo | ||
| 041 | 0 | |a slo | |
| 100 | 1 | |a Repka, Matúš |u 020020 |4 aut |U SjF Strojnícka fakulta |T SjF Ústav automatizácie, informatizácie a merania |X 104934 |U J0020 |Y 802 |7 104934 | |
| 242 | 0 | 1 | |a A modular system for controlling AutomationShield devices via a web interface |y eng |
| 245 | 1 | 0 | |a Modulárny systém na ovládanie AutomationShield zariadení prostredníctvom webového rozhrania |
| 260 | |c 2025 | ||
| 650 | 4 | |a AutomationShield |2 slo | |
| 650 | 4 | |a webové rozhranie |2 slo | |
| 650 | 4 | |a Arduino |2 slo | |
| 650 | 4 | |a interaktívne vzdelávanie |2 slo | |
| 650 | 4 | |a Arduino, |2 eng | |
| 650 | 4 | |a AutomationShield |2 eng | |
| 650 | 4 | |a web interface |2 eng | |
| 650 | 4 | |a interactive learning |2 eng | |
| 700 | 1 | |a Gulan, Martin |u 020020 |k Z1 |4 ths |U SjF Strojnícka fakulta |T SjF Ústav automatizácie, informatizácie a merania |X 49587 |U J0020 |Y 802 |7 A000049587 | |
| 856 | 4 | |u http://is.stuba.sk/zp/portal_zp.pl?podrobnosti=185970 | |